000 01059nam a2200217 a 4500
008 211022s2015 ||||||||||||||||| || u
020 _a9781472439932
050 _aHD 30.23 Lau
100 _aWang, Mingde
245 1 0 _aComparative causal mapping : the CMAP3 method
_cBy Mauri Laukkanen and Mingde Wang
260 _aFarnham, Surrey
_bGower
_c2015
300 _axxviii, 239 pages : illustrations
650 0 _aDECISION MAKING
650 0 _aMANAGEMENT
650 0 _aCAUSATION
650 _aCOGNITIVE MAPS (PSYCHOLOGY)
700 _a Laukkanen, Mauri
995 _aMAIN LIBRARY OPEN ACCESS
_e751208
_FCBU-MAIN LIBRARY (Kitwe)
_I42.96
_jHD 30.23 Lau
_M1
_UAVAILABLE
_WOct 22, 2021
_y751208
_ZMain Library Open Access Collection
995 _aMAIN LIBRARY OPEN ACCESS
_e751209
_FCBU-MAIN LIBRARY (Kitwe)
_I42.96
_jHD 30.23 Lau
_M2
_UAVAILABLE
_WOct 22, 2021
_y751209
_ZMain Library Open Access Collection
995 _aMAIN LIBRARY OPEN ACCESS
_e751210
_FCBU-MAIN LIBRARY (Kitwe)
_I42.96
_jHD 30.23 Lau
_M3
_UAVAILABLE
_WOct 22, 2021
_y751210
_ZMain Library Open Access Collection
999 _c79575
_d79575